Free Guy (2021) Characters - Statistics

General Stats
  • This quiz has been taken 77 times
  • The average score is 6 of 28
Answer Stats
Actor Character % Correct
Ryan Reynolds Guy
100%
Jodie Comer Millie/ Molotovgirl
63%
Lil Rel Howery Buddy
53%
Joe Keery Keys
50%
Taika Waititi Antwan
48%
Chris Evans Chris Evans
45%
Aaron W Reed Dude
40%
Alex Trebek Alex Trebek
33%
Utkarsh Ambudkar Mouser
33%
Imane 'Pokimane' Anys Pokimane
33%
Tyler Blevins Ninja
23%
Daniel Middleton DanTDM
20%
Britne Oldford Barista
15%
Seán McLoughlin Jacksepticeye
15%
Lannan Eacott Lazerbeam
15%
Camille Kostek Bombshell
13%
Lara Spencer Lara Spencer
13%
Channing Tatum Revenjamin Buttons
8%
Jonathan De Azevedo Jonathan
5%
Destiny Claymore Art Nerd
3%
Dwayne Johnson Bank Robber #2
3%
Sophie Levy Big City Dreamer
3%
Colette Levy Foul-Mouthed Little Sister
0%
Matty Cardarople Keith, the 22-Year-Old Gamer
0%
Hugh Jackman Masked Player in Alley
0%
John Krasinski Silhouetted Gamer
0%
Charlotte Levy Tween Gamer Girl
0%
Tina Fey Vacuuming Mom
0%
No matching quizzes found
Score Distribution
Percent of People with Each Score
Percentile by Number Answered
Your Score History
You have not taken this quiz